XII Curs sobre la Unió Europea
Descripción Física:
39 p. : fot. col. ; 30 cm
Materias:
Unió Europea -- Congressos
MARC
| LEADER | 00000nam a2200000Ia 4500 | ||
|---|---|---|---|
| 001 | 19418 | ||
| 008 | 160829s2007 xx 000 0 cat d | ||
| 080 | |a FU-5-66 | ||
| 100 | |a Curs sobre la Unió Europea (12è : 2006 : Barcelona) |9 40133 | ||
| 245 | |a XII Curs sobre la Unió Europea | ||
| 260 | |a Barcelona : |b Diputació de Barcelona, |c 2007 | ||
| 300 | |a 39 p. : |b fot. col. ; |c 30 cm | ||
| 590 | |a A la coberta: Ponències. | ||
| 590 | |a Celebrat els dies 13 i 14 de novembre de 2006 | ||
| 650 | |a Unió Europea |x Congressos |9 28687 | ||
| 710 | 1 | |a Barcelona (Catalunya : Província). |b Diputació |9 52408 | |
| 901 | |a Arxiu | ||
| 942 | |n 1 | ||
| 952 | |0 0 |1 0 |4 0 |6 FU566 |7 1 |9 49431 |a Arxiu |b Arxiu |d 2016-12-01 |l 0 |o FU-5-66 |p 19418 |r 2016-12-01 00:00:00 |w 2016-12-01 |y ARXIU | ||
| 999 | |c 53273 |d 53273 | ||